Focus MIPIM Asia and international (Record no. 80961)

MARC details
000 -LEADER
fixed length control field 00891cab a22002295a 4500
001 - CONTROL NUMBER
control field L145879
008 - FIXED-LENGTH DATA ELEMENTS--GENERAL INFORMATION
fixed length control field 081119e20081115xxkdo f s 000 0 eng d
035 ## - SYSTEM CONTROL NUMBER
System control number (Sirsi) u145879
041 0# - LANGUAGE CODE
Language code of text/sound track or separate title eng
100 1# - MAIN ENTRY--PERSONAL NAME
Personal name Cooper, Mark
245 00 - TITLE STATEMENT
Title Focus MIPIM Asia and international
260 ## - PUBLICATION, DISTRIBUTION, ETC.
Date of publication, distribution, etc. 2008
490 ## - SERIES STATEMENT
Series statement Estates Gazette
Volume/sequential designation (0845) 15 November 2008, 63-69(7)
520 ## - SUMMARY, ETC.
Summary, etc. Focus on Asian property markets looks at the MIPIM conference and exhibition event, commentary on wavering stability in Asian markets in the face of the current global economic crisis and an article on how failures in the Japanese property sector are providing good opportunities for cash investors. Includes tables and market overview.
590 ## - LOCAL NOTE (RLIN)
Local note KA
651 #4 - SUBJECT ADDED ENTRY--GEOGRAPHIC NAME
Geographic name China
651 #4 - SUBJECT ADDED ENTRY--GEOGRAPHIC NAME
Geographic name Japan
690 ## - LOCAL SUBJECT ADDED ENTRY--TOPICAL TERM (OCLC, RLIN)
Topical term or geographic name as entry element PROPERTY-COMMERCIAL PROPERTY
700 1# - ADDED ENTRY--PERSONAL NAME
Personal name Everett, Henry
700 1# - ADDED ENTRY--PERSONAL NAME
Personal name Moore, Charlotte
942 ## - ADDED ENTRY ELEMENTS (KOHA)
Suppress in OPAC 0
Holdings
Withdrawn status Lost status Source of classification or shelving scheme Damaged status Not for loan Home library Current library Shelving location Date acquired Total Checkouts Full call number Barcode Date last seen Copy number Price effective from Koha item type
    Dewey Decimal Classification     London London Journal article 19/11/2008   L145879 145879-1001 06/08/2019 1 06/08/2019 Journal article